000 02146nam a22003257a 4500
005 20080926120316.0
008 080926t xxu||||| |||| 00| 0chin d
010 _aHIN-84213-15
020 _c3000.00 (सैट)
_a9788190634458
035 _aHN-56559-61
037 _bDBAD / VEN
040 _aDPL
_bHN
082 _a920
100 _aवशिष्ठ, सावित्री
245 _aभारत के राष्ट्रपति /
_cसावित्री वशिष्ठ
246 _aBhaarata ke raashtrapati
_bby Savitri Vashisth
260 _aदिल्ली
_bप्रशांत पब्लिसिंग हाऊस
_c2008
270 _aसी-34, 28 फुटा रोड, गली नं3. वेस्ट करावल नगर
_bदिल्ली
_e110094
_k22963970, 9810396373
300 _a3 भाग xxiii,198पृ; vi,730,पृ ;vi,1087पृ
_b22सेमी (सजिल्द)
500 _aतीन भागों में प्रकाशित
650 _aराष्ट्रपति
_xजीवनी
_zभारत
650 _aPresidents
_xBiography
_zIndia
651 _aभारत
_xराजनीति एवं सरकार
_y1947-2008
651 _aIndia
_xPolitics and government
_y1947-2008
942 _2ddc
_cHN
_mवशिष्ठ
_h920
999 _c15747
_d15747